00651nam a2200241 a 4500001001300000003000900013005001700022008004100039020001100080082001600091100002100107245001900128260003500147300000800182500003500190505002700225650001200252700002100264902000800285942000700293952009400300999001500394nice12345678IN_TiNIC20260116011435.0050524s1927 dela grp 000 0 urd  ac0.0800a297.82bAZA aAzad, Abul Kalam aShaheed-E-Azam aDelhibShahi Kutub Khanac1927 a80p aincludes index and biblioraphy2 aPlus Some Other Tracts aKarbala1 aAzad, Abul Kalam bSRS cBK 00104070aHMIbHMId2007-06-28g0.08l0o297.82 AZAp04121r2007-06-28w2026-01-16yEB c1557d1557